000 01587nam a2200349 c 4500
003 BLK
005 20230406130034.0
008 180408b bul|||||r ||||||| ||bul||
010 _aKNG00052280000
040 _aBLK
041 _aBUL
_cBUL
080 _aГеография в основното училище. Методика на обучението по география
_b372.891
_x(075.2)
_z372.891(075.2)
100 1 _aГайтанджиева, Росица Георгиева
_eпърви автор
_9269585
700 1 _aГловня, Мартин Франсоа
_d1919-1966
_gГеограф
_eсъавт.
_954430
700 1 _aАнов, Любомир Тодоров
_eсъавт.
_932594
139 _aГайтанджиева, Росица Георгиева и др.
_bГ 16
245 1 0 _aГеография
_bЗа V кл. на СОУ
_cРосица Георгиева Гайтанджиева; съавт. Мартин Франсоа Гловня; съавт. Любомир Тодоров Анов.
250 _a3. част. прераб. изд.
257 _aBGR
260 София
_bПросвета
_c1991
300 _a136 с.
_bс ил.
_c25 см
380 _a3
500 _a1. изд. 1985. - Азб. показалец.
650 4 _aГеография - учебници за основни училища
_9252235
653 _aгеография
653 _aучебници за основни училища
852 _aЦб 166947
856 4 _qpdf
_u
856 4 _qpdf
_u
942 _cKNG
_n0
944 _aCR
_c23.03.2017
_kКамелия_Данева
944 _aED
_c23.03.2017
_kКамелия_Данева
999 _c48462
_d48462